000 00606nam a2200193 i 4500
001 96921
003 ES-MaACL
005 20230906182013.0
007 t|
008 050704s1955 sp ||||1| spa d
100 1 _aManly, H. P.
_976040
245 1 0 _aRefrigeración práctica
_b: funcionamiento y reparación de neveras /
_cH. P. Manly; traducción de B. D. Aloy Fló.
250 _a1ª ed.
260 _aBarcelona :
_bJosé Montesó,
_c1955.
300 _a344 p. :
_bil. ;
_c22 cm.
650 4 _aFrigoríficos.
_9154878
700 0 _aAloy y Flo, David B.
_920455
852 _aES-MaACL
_jC-6635
_bR.37020
999 _c96921
_d96921